000 00502nam a22001697a 4500
005 20260108162827.0
008 260108b |||||||| |||| 00| 0 eng d
020 _a978-93-5152-221-8
100 _aPRASAD, RAJENDRA
245 _aCLINICAL TUBERCULOSIS
_bDIAGNOSIS AND TREATMENT
260 _aNE DELHI
_bTHE HEALTH SCIENCES PUBLISHER
_c2015
300 _aXXIV, 614P.
500 _aINCLUDES INDEX
650 _a1.TUBERCULOSIS 2. CLINICAL MEDICINE
700 _aGUPTA, NIKHIL GUPTA
942 _2lcc
_cBK
999 _c216437
_d216437